01326nam a22003017a 45000010005000000030006000050050017000110080041000280200018000690400029000870820011001161000017001272450091001442600044002353000049002794900023003285050008003515200267003595210029006265210020006556500023006756500021006986500019007199420015007389990015007539520128007689520128008967593FISKH20250725100321.0250725b cb ||||| |||| 00| 0 eng d a9781407117461 aFISKHbengcFISKHdFISKH a793.73 aDeary, Terry aHorribly hilarious joke book : bJokes with the nasty bits left in ! /cBy Terry Deary aNew York : bScholastic , c1993, 2006. a85 pages : bcolor illstrations ; c20 cm .  aHorrible Histories aK  aHorribly Hilarious Joke Book is full of hundreds of horribly hilarious historical jokes and illustrations in one laugh-out-loud book. A must-have book for any Horrible Histories fan, you'll literally laugh your head off at this comical collection of nasty bits. 8 a510 bLexile estimate 8 aK bRaz-Plus  aChildren vFiction aHistoryvFiction aJokesvFiction 2ddccBKn0 c7593d7593 00102ddc40708NFICa002b002cTTP Yellow d2025-07-25l0oDEA 793.73pFISSE02080r2025-07-25 10:03:18t1w2025-07-25yBK 00102ddc40708NFICa002b002cTTP Yellow d2025-07-25l0oDEA 793.73pFISSE00186r2025-07-25 10:04:32t2w2025-07-25yBK